000
00265nam a2200097Ia 4500
008
220204s9999 xx 000 0 und d
082
_a
0582010
_b
MAT
245
0
_a
Mathrubhumi yearbook 2010
260
_a
Kozhikode
_b
Mathrubhumi Printing & Publishing
_c
2010
942
_c
BK
999
_c
42888
_d
42888